Clic Les ponts en France - Statistiques

Statistiques générales
  • Ce quiz a été pris 26 fois
  • Le résultat moyen est 7 sur 21
Statistiques - réponses
Hint Réponse % Correct
Ce pont pourtant en partie disparu est classé au patrimoine de l'UNESCO, le pont d'Avignon
78%
Le plus ancien aqueduc classé monument historique est le pont du Gard
70%
Le plus ancien pont de Paris est le pont Neuf
70%
Nombre de ponts entretenus par Réseau ferré de France Environ 46 000
48%
Le pont à haubans à la plus grande portée est le pont de Normandie
43%
Nombre de ponts routiers en France Environ 266 000
43%
Nombre de ponts de plus de 2 mètres de portée en France Environ 312 000
43%
Le pont suspendu à la plus grande portée est le pont de Tancarville
35%
Nombre de ponts-canal Environ 100
35%
Le plus long pont de France est le pont de Saint-Nazaire
30%
Nombre de ponts routiers gallo-romains encore existants Environ 40
30%
Nombre de ponts gaulois dont on a pu localiser l'emplacement 5
26%
Le pont à béquilles à la plus grande portée est le pont de la Grande Ravine
26%
Le pont mobile levant à la plus grande portée est le pont transbordeur de Rochefort
22%
Le pont mobile tournant à la plus grande portée est le pont de Caronte
17%
Nombre de ponts concédés à des sociétés d'autoroute Environ 12 000
17%
Le pont en arc de béton à la plus grande portée est le pont Chateaubriand
13%
Le pont en poutre-caisson en béton précontraint à la plus grande portée est le pont de Cheviré
9%
Le pont à poutre en treillis métallique à la plus grande portée est le pont de Cornouaille
9%
Le pont en arc métallique à la plus grande portée est la passerelle des Trois pays
9%
Le pont-aqueduc le plus long est celui du Gier
9%
Aucun quiz correspondant
Distribution des résultats
% des personnes avec chaque résultat
Percentile par nombre de réponses
Votre historique - résultats
Vous n’avez pas pris ce quiz